Normal view
MARC view
Entry Término temático
001 - NÚMERO DE CONTROL
- campo de control: 182839
003 - IDENTIFICADOR DEL NÚMERO DE CONTROL
- campo de control: OSt
005 - FECHA Y HORA DE LA ÚLTIMA TRANSACCIÓN
- campo de control: 20220601075446.0
008 - DATOS DE LONGITUD FIJA
- campo de control de longitud fija: 220601|| aca||aabn | a|a d
040 ## - FUENTE DE LA CATALOGACIÓN
- Centro catalogador/agencia de origen: OSt
- Centro/agencia transcriptor: OSt
150 ## - ENCABEZAMIENTO--TÉRMINO DE MATERIA
- Término de materia o nombre geográfico como elemento de entrada: 1. Tzotzil (lengua) - Estudio y enseñanza 2. Tzotzil (lengua) - Textom libros de 3. Indios de ChiapasÌ
670 ## - FUENTE DE DATOS ENCONTRADOS
- Cita de la fuente: Work cat.: (OSt)215552: Moreno, Francisco Martín 182838, México mutilado : raza maldita / Francisco Martín Moreno
